[Event "2017 Standard Chess Dropout Tournament, Round 2"]
[Site "SchemingMind.com"]
[Date "2017.05.04"]
[Round "2"]
[White "emvarela"]
[Black "Abacist"]
[Result "1-0"]
[WhiteCountry "ARG"]
[BlackCountry "USA"]
[WhiteElo "1836"]
[WhiteRD "59"]
[BlackElo "1484"]
[BlackRD "189"]
[GameID "413471"]

1. e4 e5 2. Nf3 Nc6 3. d4 exd4 4. c3 dxc3 5. Bc4 Be7 6. Qd5 Nh6 7. Bxh6 O-O 8. Bc1 cxb2 9. Bxb2 Bf6 10. Nc3 Nb4
11. Qd2 d6 12. Nd5 Nxd5 13. Bxd5 Re8 14. O-O c6 15. Bb3 Rxe4 16. Bxf6 Qxf6 17. Bc2 Re8 18. Rad1 d5 19. Nd4 Be6 20. Rfe1 Rad8
21. Re3 Rd7 22. Qd3 g6 23. Rde1 Rde7 24. Nxe6 Rxe6 25. Rxe6 Rxe6 26. Rxe6 fxe6 27. Bd1 Qe7 28. Qe3 b6 29. Qh3 Kg7 30. Qc3+ Qf6
31. Qxc6 Qd4 32. Qc2 Qb4 33. Qe2 Qd6 34. g3 e5 35. Bb3 d4 36. Qf3 Qe7 37. h4 Kh6 38. Qe4 Kg7 39. Bc2 Kh6 40. f4 Qa3
41. fxe5 Qc1+ 42. Kf2 Qd2+ 43. Kf3 Qc3+ 44. Kg4 Qc8+ 45. e6 Kg7 46. h5 gxh5+ 47. Kxh5 Qe8+ 48. Kg4 Qg6+ 49. Qxg6+ hxg6 50. Kg5 b5
51. Bxg6
1-0

[Event "2017 Standard Chess Dropout Tournament, Round 2"]
[Site "SchemingMind.com"]
[Date "2017.05.01"]
[Round "2"]
[White "Phillip Beckett"]
[Black "maro"]
[Result "1-0"]
[WhiteCountry "ENG"]
[BlackCountry "MEX"]
[WhiteElo "1587"]
[WhiteRD "59"]
[BlackElo "1347"]
[BlackRD "72"]
[GameID "413472"]

1. e4 e5 2. Nf3 Nf6 3. d4 c6 4. Nc3 exd4 5. Qxd4 c5 6. Qa4 a6 7. e5 Ng4 8. Nd5 b5 9. Qxg4 Bb7 10. c4 Bxd5
11. cxd5 h5 12. Qe4 c4 13. d6 Nc6 14. Bg5 Qa5+ 15. Bd2 Qb6 16. Be3 Qb7 17. Nd4 g6= 18. Nxc6 dxc6 19. Bg5 Bg7 20. e6 f6
21. d7+ Kd8 22. O-O-O fxg5 23. e7+ Kc7 24. Qe6 Kb6 25. d8=Q+ Raxd8 26. exd8=Q+ Rxd8 27. Rxd8 Qc7 28. Qd6 Qf7 29. Rb8+ Ka5 30. Qa3#
1-0

[Event "2017 Standard Chess Dropout Tournament, Round 2"]
[Site "SchemingMind.com"]
[Date "2017.05.02"]
[Round "2"]
[White "felixkronlage"]
[Black "Shanks"]
[Result "1-0"]
[WhiteCountry "GER"]
[BlackCountry "ENG"]
[WhiteElo "1355"]
[WhiteRD "75"]
[BlackElo "1294"]
[BlackRD "67"]
[GameID "413473"]

1. c4 Nf6 2. Nc3 c6 3. e4 e5 4. Nf3 d6 5. d4 Be7 6. Bg5 O-O 7. dxe5 Ne8 8. exd6 Qxd6 9. e5 Qxd1+ 10. Rxd1 f6
11. exf6 Bxf6 12. h4 Bxc3+ 13. bxc3 Bf5 14. c5 Nd7 15. Bc4+ Kh8 16. Be7 Nef6 17. Bxf6 Nxf6 18. O-O Ne4 19. Rd3 Nxc5 20. Re3 Ne4
21. Ng5 Nxg5 22. hxg5 Bg6 23. g4 b5 24. Bd3 Bxd3 25. Rxd3 g6 26. f4 a5 27. Rf2 c5 28. Rh2 c4 29. Rd7 Rfd8 30. Rhxh7+ Kg8
31. Rhg7+ Kf8 32. Rdf7+ Ke8 33. f5 gxf5 34. g6 fxg4 35. Rg8#
1-0

[Event "2017 Standard Chess Dropout Tournament, Round 2"]
[Site "SchemingMind.com"]
[Date "2017.05.05"]
[Round "2"]
[White "flammablepawn"]
[Black "Brennan Price"]
[Result "0-1"]
[WhiteCountry "USA"]
[BlackCountry "USA"]
[WhiteElo "1824"]
[WhiteRD "125"]
[BlackElo "2070"]
[BlackRD "102"]
[GameID "413474"]

1. b4 e5 2. Bb2 Bxb4 3. Bxe5 Nf6 4. Nf3 Nc6 5. Bb2 d5 6. e3 Bf5 7. Be2 O-O 8. O-O h6 9. c3 Bd6 10. d4 Rb8
11. Nbd2 b5 12. Nb3 Qe7 13. a4 bxa4 14. Rxa4 Rb7 15. Bc1 Rfb8 16. Na5 Nxa5 17. Rxa5 Ne4 18. Bd2 c6
0-1

[Event "2017 Standard Chess Dropout Tournament, Round 2"]
[Site "SchemingMind.com"]
[Date "2017.05.06"]
[Round "2"]
[White "frankly"]
[Black "Sebastian Strauchler"]
[Result "1-0"]
[WhiteCountry "ENG"]
[BlackCountry "ARG"]
[WhiteElo "2543"]
[WhiteRD "62"]
[BlackElo "2219"]
[BlackRD "119"]
[GameID "413475"]

1. e4 c5 2. Nf3 Nc6 3. Bb5 g6 4. Bxc6 bxc6 5. O-O Bg7 6. Re1 Nh6 7. h3 O-O 8. c3 f5 9. e5 Nf7 10. d3 Rb8
11. b3 Qc7 12. Bf4 h6 13. h4 a5 14. Qd2 e6 15. Qe3 Qb6 16. Nbd2 Ba6 17. Rab1 Rb7 18. c4 Qb4 19. Rbc1 Rfb8 20. Kh1 Qa3
21. Rg1 h5 22. Rge1 Bf8 23. Ra1 a4 24. Ng5 Nxg5 25. Bxg5 Ra7 26. Qg3 Kh7 27. Nf3 axb3 28. axb3 Qxb3 29. Be3 Be7 30. Qf4 Bf8
31. Qg5 Bg7 32. Qe7 Qxd3 33. Ng5+ Kh8 34. Bxc5 Raa8 35. Qf7 f4 36. Re4
1-0

[Event "2017 Standard Chess Dropout Tournament, Round 2"]
[Site "SchemingMind.com"]
[Date "2017.05.01"]
[Round "2"]
[White "FransEvers"]
[Black "frankly"]
[Result "0-1"]
[WhiteCountry "NED"]
[BlackCountry "ENG"]
[WhiteElo "1932"]
[WhiteRD "119"]
[BlackElo "2531"]
[BlackRD "59"]
[GameID "413476"]

1. e4 e5 2. Nf3 Nc6 3. Bb5 a6 4. Ba4 Nf6 5. O-O b5 6. Bb3 Bb7 7. d3 Be7 8. a4 O-O 9. Re1 Bc5 10. Bg5 h6
11. Bh4 Be7 12. h3 d6 13. Qd2 b4 14. Bxf6 Bxf6 15. Bd5 Rb8 16. Qe2 Na5 17. Bxb7 Nxb7 18. Nbd2 Nc5 19. c3 Qe8 20. cxb4 Rxb4
21. Reb1 Nxa4 22. Ra2 Qb5
0-1

[Event "2017 Standard Chess Dropout Tournament, Round 2"]
[Site "SchemingMind.com"]
[Date "2017.05.06"]
[Round "2"]
[White "George Dimitrov"]
[Black "Buckaroo Bob"]
[Result "1-0"]
[WhiteCountry "BUL"]
[BlackCountry "USA"]
[WhiteElo "2306"]
[WhiteRD "93"]
[BlackElo "2219"]
[BlackRD "104"]
[GameID "413477"]

1. e4 c5 2. Nf3 Nc6 3. d4 cxd4 4. Nxd4 Nf6 5. Nc3 d6 6. Bc4 e6 7. Bb3 Be7 8. Be3 O-O 9. O-O Bd7 10. f4 h5
11. h3 Nxd4 12. Bxd4 Bc6 13. e5 dxe5 14. fxe5 Ne4 15. Nxe4 Bxe4 16. c3 Bg6 17. Bc2 Bxc2 18. Qxc2 Rc8 19. Qe4 Qc7 20. Rad1 Bc5
21. Kh1
1-0

[Event "2017 Standard Chess Dropout Tournament, Round 2"]
[Site "SchemingMind.com"]
[Date "2017.05.03"]
[Round "2"]
[White "GKThomas"]
[Black "JimM"]
[Result "1-0"]
[WhiteCountry "USA"]
[BlackCountry "USA"]
[WhiteElo "1965"]
[WhiteRD "130"]
[BlackElo "1598"]
[BlackRD "89"]
[GameID "413478"]

1. e4 e5 2. Nf3 Nc6 3. Bc4 Nf6 4. Ng5 d5 5. exd5 Na5 6. Bb5+ c6 7. dxc6 bxc6 8. Qf3 Bb7 9. Bd3 Qb6 10. Nc3 Be7
11. O-O h6 12. Nge4 c5 13. b3 O-O 14. Qf5 Nxe4 15. Nxe4 g6 16. Qxe5 Nc6 17. Nf6+ Bxf6 18. Qxf6 Nd4 19. Qxb6 axb6 20. Bb2 Ne6
21. Rfe1 Nf4 22. Bf1 Nd5 23. a3 Rfd8 24. d4 Rac8 25. c4 Nf4 26. d5 Rd7 27. g3 Nh5 28. Bh3
1-0

[Event "2017 Standard Chess Dropout Tournament, Round 2"]
[Site "SchemingMind.com"]
[Date "2017.05.03"]
[Round "2"]
[White "Glenn O'Brien"]
[Black "edg"]
[Result "1/2-1/2"]
[WhiteCountry "AUS"]
[BlackCountry "USA"]
[WhiteElo "1917"]
[WhiteRD "76"]
[BlackElo "1753"]
[BlackRD "64"]
[GameID "413479"]

1. e4 d6 2. d4 Nf6 3. Nc3 g6 4. f4 Bg7 5. Nf3 O-O 6. Bd3 Nc6 7. O-O Bg4 8. e5 dxe5 9. dxe5 Nd7 10. Be3 Nb4
11. Be4 c6 12. a3 Na6 13. Qd4 Ndc5 14. Qc4 Nxe4 15. Qxe4 Bf5 16. Qa4 Qc8 17. Rac1 b6 18. Rfd1 Qb7 19. Ng5 h6 20. Nge4 Rfd8
21. Rd3 Rxd3 22. cxd3 c5 23. b4 cxb4 24. axb4 Rd8 25. b5 Nc7 26. Nf2 Nd5 27. Nxd5 Rxd5 28. d4 h5 29. Nd1 Rd7 30. Nc3 Kh7
31. d5 Rd8 32. Rd1 Qb8 33. Ne4 Bxe4 34. Qxe4 Qb7 35. Rd4 Rc8 36. Rc4 Rxc4 37. Qxc4 Qd7 38. Kf2 Kg8 39. Qc6 Qf5 40. Qc7 Qb1
41. Qxa7 Qxb5 42. d6 exd6 43. exd6 Qb2+ 44. Kf3 Qb3 45. d7 Qd5+ 46. Kf2 Kh7 47. Qc7 Bf6 48. Qxb6 Bh4+ 49. g3 Bxg3+ 50. hxg3 Qxd7
51. Bd4 Qe7 52. Qb8 f6 53. Qa7 Qxa7 54. Bxa7 f5 55. Kg2 Kh6 56. Bd4 g5 57. fxg5+ Kxg5 58. Kf3 h4 59. gxh4+ Kxh4 60. Kf4 Kh3=
1/2-1/2

[Event "2017 Standard Chess Dropout Tournament, Round 2"]
[Site "SchemingMind.com"]
[Date "2017.05.06"]
[Round "2"]
[White "Goz"]
[Black "felixkronlage"]
[Result "1-0"]
[WhiteCountry "ENG"]
[BlackCountry "GER"]
[WhiteElo "1479"]
[WhiteRD "89"]
[BlackElo "1302"]
[BlackRD "74"]
[GameID "413480"]

1. d4 d5 2. e3 Nc6 3. Bb5 Bd7 4. a3 e5 5. c3 a6 6. Ba4 b5 7. Bb3 exd4 8. cxd4 b4 9. a4 Nf6 10. Ne2 Bf5
11. Nd2 Ne4 12. Nxe4 Bxe4 13. f3 Bf5 14. Ng3 Qh4 15. Qe2 O-O-O 16. Qxa6+ Kd7 17. Bxd5 Qf6 18. Nxf5 Re8 19. O-O Nb8 20. Qb5+ c6
21. Qb7+ Kd8 22. Qxb8+ Kd7 23. Qb7+ Kd8 24. Bxc6 Qxf5 25. Bxe8 Kxe8 26. a5 Qd7 27. a6 Bd6 28. Qb6 Ke7 29. e4 Rb8 30. Qa5 Bc7
31. Qg5+ Kf8 32. a7 Ra8 33. Qc5+ Bd6 34. Qh5 Kg8 35. e5 g6 36. Qg5 Be7 37. Qd2 Rxa7 38. Rxa7 Qxa7 39. b3 f6 40. f4 f5
41. Bb2 Qd7 42. d5 Bc5+ 43. Kh1 Qe7 44. Ra1 Qe8 45. d6 Kg7 46. d7 Qd8 47. e6+ Kf8 48. Qd5 Be7 49. Ra8
1-0

[Event "2017 Standard Chess Dropout Tournament, Round 2"]
[Site "SchemingMind.com"]
[Date "2017.05.01"]
[Round "2"]
[White "greghghs"]
[Black "lawyertheologian"]
[Result "1-0"]
[WhiteCountry "ENG"]
[BlackCountry "USA"]
[WhiteElo "2338"]
[WhiteRD "69"]
[BlackElo "1961"]
[BlackRD "95"]
[GameID "413481"]

1. d4 f5 2. c4 Nf6 3. g3 g6 4. Bg2 Bg7 5. Nf3 O-O 6. O-O d6 7. Nc3 Nc6 8. d5 Ne5 9. Nxe5 dxe5 10. Qb3 e6
11. e4 exd5 12. cxd5 f4 13. gxf4 Nh5 14. d6+ Kh8 15. dxc7 Qh4 16. Nd5 exf4 17. Bf3 g5 18. Bxh5 Qxh5 19. f3 Bh3 20. Rf2 Bd4
21. Bd2 Qh4 22. Be1 g4 23. Qc4 Bg7 24. Bc3 g3 25. Bxg7+ Kxg7 26. Rd2 Rg8 27. e5 gxh2+= 28. Kh1 Raf8 29. Nf6 Kh8 30. Nxg8 Rxg8
31. Qe2
1-0

[Event "2017 Standard Chess Dropout Tournament, Round 2"]
[Site "SchemingMind.com"]
[Date "2017.05.06"]
[Round "2"]
[White "Helga1946"]
[Black "Glenn O'Brien"]
[Result "1-0"]
[WhiteCountry "GER"]
[BlackCountry "AUS"]
[WhiteElo "2187"]
[WhiteRD "75"]
[BlackElo "1917"]
[BlackRD "76"]
[GameID "413482"]

1. e4 e5 2. Nf3 Nc6 3. Bb5 a6 4. Bxc6 dxc6 5. O-O Bg4 6. h3 h5 7. d3 Qf6 8. Nbd2 Ne7 9. Re1 Ng6 10. d4 Bd6
11. Kf1 exd4 12. e5 Bxe5 13. Ne4 Qf5 14. Qd3 Bxf3 15. Nd6+ cxd6 16. Qxf5 Bxg2+ 17. Kg1 Bd5 18. Bg5 O-O 19. Rf1 Be6 20. Qd3 Bf4
21. h4 Bxg5 22. hxg5 Ne5 23. Qd1 Bh3 24. f4 Bxf1 25. fxe5 dxe5 26. Qxf1 g6 27. Qf6 Rae8 28. Qd6 Re6 29. Qd7 b6 30. Rf1 Kg7
31. Kg2 c5 32. Rxf7+ Rxf7 33. Qxe6 Rf5 34. Qe7+ Kh8 35. Qd8+ Kg7 36. Kh2 Rf2+ 37. Kg3 Rf5 38. Qc7+ Kf8 39. Qb8+ Kf7 40. Qb7+ Ke8
41. Kh4 Rf4+ 42. Kh3 Rf5 43. Qxb6 Kf7 44. Qb7+ Ke6 45. Qxa6+ Kf7 46. Qc4+ Kg7 47. Qxc5 Rxg5 48. a4 Rf5 49. a5 Rf3+ 50. Kg2 Rf6
51. Qxe5 Kf7 52. Qxd4
1-0

[Event "2017 Standard Chess Dropout Tournament, Round 2"]
[Site "SchemingMind.com"]
[Date "2017.05.01"]
[Round "2"]
[White "Holty"]
[Black "JMD"]
[Result "1-0"]
[WhiteCountry "ENG"]
[BlackCountry "GBR"]
[WhiteElo "1738"]
[WhiteRD "63"]
[BlackElo "1549"]
[BlackRD "86"]
[GameID "413483"]

1. d4 d5 2. Nf3 Nc6 3. c4 Nf6 4. Nc3 e6 5. a3 dxc4 6. e4 e5 7. d5 Ng4 8. h3 Nxf2 9. Kxf2 Bc5+ 10. Ke1 Nd4
11. Bxc4 Nxf3+ 12. Qxf3 Qf6 13. Nb5 Qxf3 14. gxf3 Kd8 15. b4 a6 16. bxc5 axb5 17. Bxb5 Ra5 18. a4 c6 19. Bd2 Ra7 20. dxc6 bxc6
21. Bxc6 Bd7 22. Bxd7 Kxd7 23. Be3 Ra6 24. Ke2 Rha8 25. Rhb1 Rxa4 26. Rxa4 Rxa4 27. Rb7+ Ke6 28. c6 Rc4 29. c7 Kd7 30. Bb6 Rc6
31. Rb8 g6 32. Rd8+
1-0

[Event "2017 Standard Chess Dropout Tournament, Round 2"]
[Site "SchemingMind.com"]
[Date "2017.05.02"]
[Round "2"]
[White "John Hamer"]
[Black "Goz"]
[Result "1-0"]
[WhiteCountry "ENG"]
[BlackCountry "ENG"]
[WhiteElo "2006"]
[WhiteRD "66"]
[BlackElo "1417"]
[BlackRD "88"]
[GameID "413484"]

1. d4 d5 2. c4 e6 3. Nc3 Bb4 4. Nf3 Bxc3+ 5. bxc3 c6 6. cxd5 cxd5 7. e3 Nf6 8. Bd3 h6 9. O-O O-O 10. Ba3 Re8
11. Rc1 Qa5 12. Bb4 Qd8 13. c4 Nc6 14. Bc5 b6 15. Ba3 a5 16. cxd5 Nb4 17. dxe6 Bxe6 18. Bb5 Nxa2 19. Ra1 Nc3 20. Qd3 Nxb5
21. Qxb5 Bd7 22. Qb3 b5 23. Bc5 Ne4 24. Rfc1 Bg4 25. Ne5 Be6 26. Qxb5 Bh3 27. gxh3 Qh4 28. Qf1 Nd2 29. Qd1 Ne4 30. Qe2 Qxh3
31. f3 Nxc5 32. Rxc5 a4 33. Rc4 f6 34. Nc6 a3 35. Rc3 Qe6 36. Qc2 a2 37. e4 Rec8 38. d5 Qd6 39. Ne7+ Qxe7 40. Rxc8+ Rxc8
41. Qxc8+ Kh7 42. Rxa2 Qb4 43. Qf5+ Kg8 44. Ra8+ Kf7 45. Qe6+ Kg6 46. Qg4+ Kh7 47. Qf5+
1-0

[Event "2017 Standard Chess Dropout Tournament, Round 2"]
[Site "SchemingMind.com"]
[Date "2017.05.02"]
[Round "2"]
[White "JAHI"]
[Black "Clive Everill"]
[Result "1-0"]
[WhiteCountry "INT"]
[BlackCountry "CZE"]
[WhiteElo "2092"]
[WhiteRD "74"]
[BlackElo "1704"]
[BlackRD "62"]
[GameID "413485"]

1. b3 e5 2. Bb2 Nc6 3. e3 Nf6 4. Bb5 Nb4 5. Bxe5 c6 6. a3 Qa5 7. Bxf6 Qxb5 8. axb4 gxf6 9. Nc3 Qxb4 10. Ra4 Qc5
11. Ne4 Qf5 12. Ng3 Qd5 13. Nf3 b5 14. Re4+ Be7 15. Nd4 d6 16. Qf3 Bd7 17. Qxf6 O-O-O 18. Rxe7 Qxg2 19. Ndf5 Bxf5 20. Qxf5+ Kb8
21. Qxf7 c5 22. f3 Qh3 23. Rb7+
1-0

[Event "2017 Standard Chess Dropout Tournament, Round 2"]
[Site "SchemingMind.com"]
[Date "2017.05.05"]
[Round "2"]
[White "Jari Laine"]
[Black "JPT"]
[Result "1-0"]
[WhiteCountry "FIN"]
[BlackCountry "INT"]
[WhiteElo "2415"]
[WhiteRD "77"]
[BlackElo "1693"]
[BlackRD "90"]
[GameID "413487"]

1. e4 d5 2. exd5 c6 3. dxc6 Nxc6 4. Nf3 e5 5. Bb5 Qa5 6. Qe2 f6 7. O-O Bd7 8. d4 a6 9. Bxc6 Bxc6 10. dxe5 O-O-O
11. Be3 fxe5 12. Nbd2 h6 13. Nc4 Bb5 14. Rfd1 e4 15. Bb6
1-0

[Event "2017 Standard Chess Dropout Tournament, Round 2"]
[Site "SchemingMind.com"]
[Date "2017.05.04"]
[Round "2"]
[White "James Reed"]
[Black "Wojtek26"]
[Result "0-1"]
[WhiteCountry "ENG"]
[BlackCountry "POL"]
[WhiteElo "1313"]
[WhiteRD "87"]
[BlackElo "1603"]
[BlackRD "50"]
[GameID "413488"]

1. e4 e5 2. Nf3 Nc6 3. Nc3 Nf6 4. a3 Bc5 5. h3 O-O 6. Bc4 h6 7. d3 Re8 8. O-O d6 9. Re1 Nd4 10. Nxd4 Bxd4
11. Ne2 Be6 12. Bxe6 fxe6 13. Nxd4 exd4 14. Bd2 e5 15. Bb4 c5 16. Bd2 Qb6 17. b3 Re7 18. b4 Rf8 19. Qb1 Rc7 20. Qb3+ Kh8
21. Qc4 Qc6 22. b5 Qd7 23. a4 b6 24. a5 Qf7 25. axb6 axb6 26. Ra6 Rb7 27. Rea1 Qxc4 28. dxc4 Nxe4 29. Be1 g5 30. Ra8 Rxa8
31. Rxa8+ Kg7 32. Ra1 Kg6 33. f3 Nf6 34. Ra6 Nh5 35. g3 Nf6 36. Ra8 Kf7 37. Rh8 Kg7 38. Ra8 Ng8 39. Bd2 Ne7 40. g4 Ng6
41. c3 Nf4 42. Bxf4 gxf4 43. h4 Kg6 44. Rg8+ Kf7 45. Ra8 Kg6 46. Rg8+ Kf7 47. Rd8 dxc3 48. Ra8 Ke6 49. Ra1 d5 50. cxd5+ Kxd5
51. Kf2 Kc4 52. g5 hxg5 53. hxg5 Kd3 54. Ke1 Kc2 55. Ke2 Kb2 56. Rh1 c2 57. Kd2 Rd7+ 58. Ke2 c1=Q 59. Rxc1 Kxc1
0-1

[Event "2017 Standard Chess Dropout Tournament, Round 2"]
[Site "SchemingMind.com"]
[Date "2017.05.02"]
[Round "2"]
[White "JimM"]
[Black "MichaelG"]
[Result "0-1"]
[WhiteCountry "USA"]
[BlackCountry "GER"]
[WhiteElo "1598"]
[WhiteRD "89"]
[BlackElo "1927"]
[BlackRD "85"]
[GameID "413489"]

1. d4 Nf6 2. c4 e6 3. Nc3 d5 4. Nf3 Be7 5. Bg5 h6 6. Bh4 O-O 7. e3 b6 8. Rc1 Bb7 9. cxd5 Nxd5 10. Bxe7 Qxe7
11. Bd3 Nxc3 12. Rxc3 Rc8 13. O-O Nd7 14. e4 c5 15. Re1 cxd4 16. Nxd4 Qb4 17. Rxc8+ Rxc8 18. Nb3 Ne5 19. Bc2 Rxc2 20. Re2 Rxe2
21. Qxe2 Qxe4 22. Qf1 Qg4 23. h3 Qg6 24. Kh1 Nd3 25. f3 Nxb2 26. Qe2 Qb1+
0-1

[Event "2017 Standard Chess Dropout Tournament, Round 2"]
[Site "SchemingMind.com"]
[Date "2017.05.01"]
[Round "2"]
[White "JMD"]
[Black "roscoe"]
[Result "0-1"]
[WhiteCountry "GBR"]
[BlackCountry "USA"]
[WhiteElo "1549"]
[WhiteRD "86"]
[BlackElo "1335"]
[BlackRD "85"]
[GameID "413490"]

1. e4 e5 2. d4 d5 3. dxe5 Be6 4. Na3 a6 5. c4 Bb4+ 6. Bd2 Bxd2+ 7. Qxd2 c6 8. Bd3 Ne7 9. Nf3 O-O 10. Nd4 Bd7
11. Nf5 Nxf5 12. exf5 f6 13. e6 Bc8 14. O-O dxc4 15. Bxc4 Qe7 16. Qf4 h6 17. Rfd1 b5 18. Qd6 Re8
0-1

[Event "2017 Standard Chess Dropout Tournament, Round 2"]
[Site "SchemingMind.com"]
[Date "2017.05.06"]
[Round "2"]
[White "Sebastian Strauchler"]
[Black "Phillip Beckett"]
[Result "1-0"]
[WhiteCountry "ARG"]
[BlackCountry "ENG"]
[WhiteElo "2161"]
[WhiteRD "127"]
[BlackElo "1600"]
[BlackRD "58"]
[GameID "413491"]

1. e4 e5 2. Nf3 Nc6 3. Bb5 a6 4. Ba4 Nf6 5. O-O Be7 6. Re1 b5 7. Bb3 O-O 8. c3 d5 9. exd5 Nxd5 10. Nxe5 Nxe5
11. Rxe5 c6 12. d3 Bd6 13. Re1 Qh4 14. g3 Qh3 15. Re4 Nf6 16. Rh4 Qf5 17. Nd2 Ng4 18. Qe2 Bd7 19. Ne4 Rae8 20. Qxg4 Qxg4
21. Rxg4 Bxg4 22. Nxd6 Re1+ 23. Kg2 c5 24. Nb7 Rc8 25. Bd5 Bd7 26. Nd6 Rf8 27. b3 Be6 28. Bxe6 fxe6 29. Ne4 c4 30. Bb2 Rxa1
31. Bxa1 cxd3 32. Bb2 g5 33. f3 h5 34. Bc1 g4 35. f4 Rd8 36. Kf2 Kf7 37. Ke3 Kg6 38. Nc5 Rd6 39. Nxd3 Kf5 40. Ba3 Rc6
41. Bb4 Rc8 42. Ba5 h4 43. Nf2 Rg8 44. Bb6 hxg3 45. hxg3 e5 46. fxe5 Kxe5 47. Bd4+ Kf5 48. Kd3 Rg5 49. Be3 Rg7 50. Ne4 Rd7+
51. Bd4 Re7 52. Nc5 Re1 53. Nxa6 Rd1+ 54. Kc2 Ra1 55. Nb4 Ke4 56. Kd2 Rh1 57. Bb6 Rf1 58. a4 bxa4 59. bxa4 Rf3 60. Bc7
1-0

[Event "2017 Standard Chess Dropout Tournament, Round 2"]
[Site "SchemingMind.com"]
[Date "2017.05.01"]
[Round "2"]
[White "JPT"]
[Black "Ed Mason"]
[Result "1-0"]
[WhiteCountry "INT"]
[BlackCountry "WLS"]
[WhiteElo "1681"]
[WhiteRD "87"]
[BlackElo "1734"]
[BlackRD "94"]
[GameID "413492"]

1. e4 e5 2. Bb5 Nc6 3. Nc3 Nf6 4. Nf3 Bb4 5. O-O Bxc3 6. dxc3 O-O 7. Bg5 d6 8. Re1 Bd7 9. Bc4 Na5 10. Bd3 Bg4
11. Be2 h6 12. Bh4 g5 13. Nxg5 Bxe2 14. Rxe2 hxg5 15. Bxg5 Kg7 16. Re3 Rh8 17. Rg3 Kf8 18. Qf3
1-0

[Event "2017 Standard Chess Dropout Tournament, Round 2"]
[Site "SchemingMind.com"]
[Date "2017.05.04"]
[Round "2"]
[White "klapa"]
[Black "surfnsuds"]
[Result "1-0"]
[WhiteCountry "POL"]
[BlackCountry "USA"]
[WhiteElo "1494"]
[WhiteRD "75"]
[BlackElo "1401"]
[BlackRD "76"]
[GameID "413493"]

1. b3 e6 2. Bb2 Nc6 3. e4 Nf6 4. Nf3 Bc5 5. d4 Bd6 6. e5 Bb4+ 7. c3 Be7 8. exf6 Bxf6 9. a4 O-O 10. Bd3 e5
11. Nfd2 exd4 12. O-O dxc3 13. Bxc3 Re8 14. Qh5 g6 15. Qh6 Bxc3 16. Nxc3 d6 17. Nde4 Ne5 18. Nd5 Ng4 19. Qf4 Bf5 20. f3 Ne5
21. Qh6 Re6 22. Ng5 Bxd3 23. Qxh7+ Kf8 24. Qh8#
1-0

[Event "2017 Standard Chess Dropout Tournament, Round 2"]
[Site "SchemingMind.com"]
[Date "2017.05.03"]
[Round "2"]
[White "Johnny Owens"]
[Black "KristianO"]
[Result "1-0"]
[WhiteCountry "USA"]
[BlackCountry "NOR"]
[WhiteElo "1707"]
[WhiteRD "88"]
[BlackElo "1686"]
[BlackRD "87"]
[GameID "413495"]

1. d4 Nf6 2. Bg5 Ne4 3. Bf4 d5 4. e3 e6 5. Nd2 Bb4 6. c3 Ba5 7. Nxe4 dxe4 8. Qc2 f5 9. f3 exf3 10. Nxf3 c6
11. Bc4 O-O 12. O-O Bc7 13. Ng5 Re8 14. Qxf5 Qf6 15. Qxh7+ Kf8 16. Bxc7
1-0

[Event "2017 Standard Chess Dropout Tournament, Round 2"]
[Site "SchemingMind.com"]
[Date "2017.05.06"]
[Round "2"]
[White "lawyertheologian"]
[Black "Mekk"]
[Result "1-0"]
[WhiteCountry "USA"]
[BlackCountry "POL"]
[WhiteElo "1913"]
[WhiteRD "91"]
[BlackElo "1841"]
[BlackRD "96"]
[GameID "413496"]

1. e4 e6 2. Qe2 c5 3. g3 Nc6 4. Nf3 Be7 5. Bg2 Nf6 6. O-O O-O 7. d3 d5 8. c3 Re8 9. e5 Nd7 10. d4 f6
11. Bh3 Nf8 12. Re1 fxe5 13. dxe5 Ng6 14. Bg2 Bd7 15. h4 Bf8 16. Nbd2 b5 17. Nb3 a5 18. h5 Nh8 19. Bg5 Be7 20. Qe3 Nf7
21. Bxe7 Qxe7 22. Qxc5 a4 23. Qxe7 Rxe7 24. Nc5 Rc8 25. Nxd7 Rxd7 26. Bh3 Ncd8 27. Nd4 Re7 28. Bf1 b4 29. cxb4 Nc6 30. Rac1 Nfd8
31. Nxc6 Rxc6 32. Bb5 Rb6 33. Bxa4 Rxb4 34. b3 Rb8 35. a3 Nb7 36. Re3 Na5 37. Rc5 Nb7 38. Rc6 Nd8 39. Rc1 Ra7 40. Rec3 g6
41. hxg6 hxg6 42. Rc8 Raa8 43. Rxb8 Rxb8 44. b4 g5 45. Bd1 Nf7 46. f4 gxf4 47. gxf4 Nh6 48. Rb1 Kf7 49. a4 Nf5 50. Kf2 Ke7
51. a5 Nd4 52. Be2 Nc6 53. a6 Kd8 54. b5 Rb6 55. Rh1 Na7 56. Rh7 Nxb5 57. Bxb5 Rxb5 58. a7
1-0

[Event "2017 Standard Chess Dropout Tournament, Round 2"]
[Site "SchemingMind.com"]
[Date "2017.05.02"]
[Round "2"]
[White "William Lindberg"]
[Black "JAHI"]
[Result "1-0"]
[WhiteCountry "USA"]
[BlackCountry "INT"]
[WhiteElo "2387"]
[WhiteRD "79"]
[BlackElo "1990"]
[BlackRD "68"]
[GameID "413497"]

1. c4 h6 2. Nf3 d6 3. d4 Bg4 4. Nc3 Bxf3 5. exf3 e6 6. d5 g6 7. Qb3 Bg7 8. c5 Bxc3+ 9. bxc3 Nd7 10. dxe6 fxe6
11. cxd6 cxd6 12. Qxe6+ Qe7 13. Qe3 Ngf6 14. Rb1 b6 15. Be2 Qxe3 16. Bxe3 Rc8 17. Rd1 d5 18. Bb5 Ke7 19. O-O Nc5 20. Rfe1 Kf7
21. Bd4 a6 22. Bf1 b5 23. Bxf6 Kxf6 24. Rxd5 Rhd8 25. Rxd8 Rxd8 26. Rb1 Rd2 27. c4 bxc4 28. Rb6+ Kg7 29. Bxc4 a5 30. Rc6 Nd3
31. h4 Nxf2 32. Rc7+ Kh8 33. Bf7 Nd1 34. Bxg6 Ne3 35. g4 Rg2+ 36. Kh1 Rxa2 37. h5 Rf2 38. Be4 a4 39. Ra7 Re2 40. g5 Re1+
41. Kh2 Ng4+ 42. Kg3 Rg1+ 43. Kf4 Nf2 44. g6 Nxe4 45. Kxe4 Re1+ 46. Kf5 Rc1 47. Kf6 Rc8 48. f4 Kg8 49. f5 Rc6+ 50. Ke5 Rc5+
51. Ke6 Rc6+ 52. Kd5 Rb6 53. Rxa4 Rb5+ 54. Ke4 Rb6 55. Ra8+ Kg7 56. Ra7+ Kg8 57. Ra5 Rb4+ 58. Ke5 Rb8 59. f6 Re8+ 60. Kd6 Rb8
61. Ra6 Rc8 62. Ra7 Rd8+ 63. Rd7 Rf8 64. Ke7 Kh8 65. g7+ Kh7 66. gxf8=N+ Kh8 67. Ng6+ Kg8 68. Rd8+ Kh7 69. Rh8#
1-0

[Event "2017 Standard Chess Dropout Tournament, Round 2"]
[Site "SchemingMind.com"]
[Date "2017.05.04"]
[Round "2"]
[White "Simon Green"]
[Black "Marc Wakeham"]
[Result "0-1"]
[WhiteCountry "ENG"]
[BlackCountry "WLS"]
[WhiteElo "1548"]
[WhiteRD "64"]
[BlackElo "1610"]
[BlackRD "84"]
[GameID "413498"]

1. d4 Nf6 2. e3 d6 3. Bd3 g6 4. f4 Bg7 5. Nf3 O-O 6. O-O c5 7. c3 Bg4 8. Nbd2 cxd4 9. cxd4 Nd5 10. Qe1 Nc6
11. a3 a6 12. Nc4 b5 13. Ncd2 Rc8 14. h3 Bd7 15. b4 Nxf4 16. exf4 Nxd4 17. Nxd4 Bxd4+ 18. Kh2 Bxa1 19. Nf3 Bg7 20. Be3 Rc3
21. Be4 Rxa3 22. Bd4 Bxd4 23. Nxd4 Qc7 24. Nc2 Rc3 25. Ne3 Rc8 26. Nd5 Rc1 27. Nxc7 Rxe1 28. Rxe1 Rxc7 29. Rb1 f5 30. Bd5+ Kg7
31. Ra1 Ra7 32. g3 e5 33. Re1 Kf6 34. h4 a5 35. bxa5 Rxa5 36. fxe5+ dxe5 37. Bg8 h6 38. Bb3 e4 39. Re3 Ra3 40. Kg2 Be6
0-1